UBT Library

Deadly monopoly : (Record no. 40714)

000 -LEADER
fixed length control field 00858cam a2200253 a 4500
001 - CONTROL NUMBER
control field 12728709
005 - DATE AND TIME OF LATEST TRANSACTION
control field 20180123034723.0
008 - FIXED-LENGTH DATA ELEMENTS--GENERAL INFORMATION
fixed length control field 020403s2001 caua 001 0 eng d
010 ## - LIBRARY OF CONGRESS CONTROL NUMBER
LC control number 2001131375
020 ## - INTERNATIONAL STANDARD BOOK NUMBER
International Standard Book Number 0970750803
035 ## - SYSTEM CONTROL NUMBER
System control number (OCoLC)ocm48590041
040 ## - CATALOGING SOURCE
Original cataloging agency CMI
Transcribing agency CMI
Modifying agency DLC
041 ## - LANGUAGE CODE
Language code of text/sound track or separate title eng
042 ## - AUTHENTICATION CODE
Authentication code lccopycat
080 ## - UNIVERSAL DECIMAL CLASSIFICATION NUMBER
Universal Decimal Classification number 617.44 VAZ
082 00 - DEWEY DECIMAL CLASSIFICATION NUMBER
Classification number 617.44 VAZ
Edition number 21
100 1# - Rafti
Rafti 3
101 ## - Shkurtesa
Shkurtesa SHM
245 10 - TITLE STATEMENT
Title Deadly monopoly :
Statement of responsibility, etc Ali Vazirabadi.
246 30 - VARYING FORM OF TITLE
Title proper/short title Discrimination against minorities in the government-funded NMDP bone marrow registry program
906 ## - LOCAL DATA ELEMENT F, LDF (RLIN)
a 7
b cbc
c copycat
d 2
e ncip
f 20
g y-gencatlg
942 ## - ADDED ENTRY ELEMENTS (KOHA)
Source of classification or shelving scheme
Item type Books
Holdings
Withdrawn status Lost status Source of classification or shelving scheme Damaged status Not for loan Collection code Permanent location Current location Shelving location Date acquired Total Checkouts Full call number Barcode Date last seen Price effective from Koha item type
          Koleksioni i përgjithshem UBT - Lipjan UBT - Lipjan Koleksioni i përgjithshem 01/23/2018   617.44 VAZ 002-2996108 01/23/2018 01/23/2018 Books
UBT Library © 2015-2024. All rights reserved University Education for Business and Technology